000 01215nam a2200337 a 4500
001 ebr10577937
003 CaPaEBR
006 m u
007 cr cn|||||||||
008 981104s1999 quc s 000 0 eng d
010 _z 2001320525
020 _z0773519017 (acid-free paper)
020 _z9780773519015
020 _z9780773584808 (e-book)
040 _aCaPaEBR
_cCaPaEBR
035 _a(OCoLC)767734192
050 1 4 _aPR9199.3.S569
_bC48 1999eb
082 0 4 _a811/.54
_221
100 1 _aSolway, David.
245 1 0 _aChess pieces
_h[electronic resource] /
_cDavid Solway.
260 _aMontreal ;
_aIthaca [N.Y.] :
_bMcGill-Queen's University Press,
_c1999.
300 _a79 p.
490 1 _aHugh MacLennan poetry series
500 _aPoems.
533 _aElectronic reproduction.
_bPalo Alto, Calif. :
_cebrary,
_d2013.
_nAvailable via World Wide Web.
_nAccess may be limited to ebrary affiliated libraries.
650 0 _aChess
_vPoetry.
655 7 _aElectronic books.
_2local
710 2 _aebrary, Inc.
830 0 _aHugh MacLennan poetry series.
856 4 0 _uhttp://site.ebrary.com/lib/rucke/Doc?id=10577937
_zAn electronic book accessible through the World Wide Web; click to view
999 _c189231
_d189231